International Marketing (Record no. 5550)

MARC details
000 -LEADER
fixed length control field 00329nam a2200145Ia 4500
008 - FIXED-LENGTH DATA ELEMENTS--GENERAL INFORMATION
fixed length control field 191201s2011 xx 000 0 und d
082 ## - DEWEY DECIMAL CLASSIFICATION NUMBER
Classification number 658.8
Item number CAI
100 ## - MAIN ENTRY--PERSONAL NAME
Personal name CATEORA,Philip R
245 #0 - TITLE STATEMENT
Title International Marketing
250 ## - EDITION STATEMENT
Edition statement Rep
260 ## - PUBLICATION, DISTRIBUTION, ETC. (IMPRINT)
Place of publication, distribution, etc N. delhi
Name of publisher, distributor, etc TMH
Date of publication, distribution, etc 2011
300 ## - PHYSICAL DESCRIPTION
Extent 888
650 ## - SUBJECT ADDED ENTRY--TOPICAL TERM
Topical term or geographic name as entry element BBA
942 ## - ADDED ENTRY ELEMENTS (KOHA)
Source of classification or shelving scheme Dewey Decimal Classification
Koha item type Text Books
942 ## - ADDED ENTRY ELEMENTS (KOHA)
-- 1
Holdings
Withdrawn status Lost status Source of classification or shelving scheme Damaged status Not for loan Collection code Home library Current library Date acquired Source of acquisition Cost, normal purchase price Bill Number Total Checkouts Full call number Acc. no. / Barcode Date last seen Bill Date Koha item type Date last borrowed Checked out
    Dewey Decimal Classification     BBA PIET C-LIBRARY PIET C-LIBRARY 26/02/2013 IBH, New Delhi 575.00 22792   658.8 CAI 21365 04/12/2019 21/02/2013 Text Books    
    Dewey Decimal Classification     BBA PIET C-LIBRARY PIET C-LIBRARY 26/02/2013 IBH, New Delhi 575.00 22792 2 658.8 CAI 21366 08/02/2025 21/02/2013 Text Books 13/01/2024  
    Dewey Decimal Classification     BBA PIET C-LIBRARY PIET C-LIBRARY 26/02/2013 IBH, New Delhi 575.00 22792 2 658.8 CAI 21367 13/01/2024 21/02/2013 Text Books 13/01/2024 11/07/2024
    Dewey Decimal Classification     BBA PIET C-LIBRARY PIET C-LIBRARY 26/02/2013 IBH, New Delhi 575.00 22792 2 658.8 CAI 21368 13/01/2024 21/02/2013 Text Books 13/01/2024 11/07/2024
    Dewey Decimal Classification     BBA PIET C-LIBRARY PIET C-LIBRARY 26/02/2013 IBH, New Delhi 575.00 22792   658.8 CAI 21369 04/12/2019 21/02/2013 Text Books    

Design & Developed by: PIET Central Library
R70 Miles Stone Pattikalyana Samalkha Panipat 132102
mail ID :- [email protected], Phone No:- 0180-2569700 Ex.216